000 01132nam a2200217Ia 4500
001 IA_Para determinar si los buenos resultados logrados a nivel experimental se pueden lograr a nivel comercial, así como evaluar la viabilidad comercial del uso del desahuatado precosecha, se hicieron aplicaciones semanales consecutivas de dos formulaciones: ácido giberélico (50 ppm) en combinación con ethrel (700 y 900 ppm) a tres variedades comerciales de tuna.
002 DESAHUATADO PRECOSECHA DE TUNA IMPLANTADO A NIVEL
008 220117s xx 000 0 und d
010 _a185631
530 _aDisponible en PDF
650 _aEspinas de las plantas
_xTratamiento
_9159752
650 0 _aOpuntia ficus-indica
_9153774
650 _aPlants spines
_xTreatment
_9159753
650 _aTuna
_xDesahuatado
_9159754
700 1 _aColinas y León, María Teresa Beryl
_9163743
700 1 _aCorrales García, José Joel Enrique
_9148339
700 _aLira Sandoval, José Andrés, coaut.
_9159755
700 _aPonce Javana, Pedro Celestino, asesor
_9163744
942 _cTESIS C369 2014
999 _c185631
_d185631